000
00321nam a2200145Ia 4500
008
191201s2009 xx 000 0 und d
082
_a
658.8
_b
JAS
100
_a
JAIN,NC
245
0
_a
Service Marketing
250
_a
2nd
260
_a
N. delhi
_b
AITBS Pub.
_c
2009
300
_a
479
650
_a
BBA
942
_2
ddc
_c
BK
_0
1
999
_c
4905
_d
4905